Statistics for Cities That Pop Up First In Bing Maps

Click here to take the quiz!

General Stats

  • This quiz has been taken 8 times
  • The average score is 71 of 142

Answer Stats

Country/TerritoryCity% Correct
GermanyBerlin
88%
EgyptCairo
88%
South AfricaCape Town
88%
DenmarkCopenhagen
88%
ItalyRome
88%
El SalvadorSan Salvador
88%
EthiopiaAddis Ababa
75%
AlgeriaAlgiers
75%
GreeceAthens
75%
SwitzerlandBern
75%
ColombiaBogota
75%
ArgentinaBuenos Aires
75%
CubaHavana
75%
FinlandHelsinki
75%
UkraineKyiv
75%
BoliviaLa Paz
75%
PhilippinesManila
75%
MexicoMexico City
75%
MonacoMonaco
75%
RussiaMoscow
75%
IndiaNew Delhi
75%
GreenlandNuuk
75%
NorwayOslo
75%
PanamaPanama City
75%
FranceParis
75%
South AfricaPretoria
75%
North KoreaPyongyang
75%
MoroccoRabat
75%
IcelandReykjavik
75%
South KoreaSeoul
75%
SwedenStockholm
75%
TaiwanTaipei
75%
JapanTokyo
75%
TunisiaTunis
75%
MaltaValletta
75%
AustriaVienna
75%
AndorraAndorra La Vella
63%
TurkeyAnkara
63%
ParaguayAsuncion
63%
IraqBaghdad
63%
ThailandBangkok
63%
ChinaBeijing
63%
BrazilBrasilia
63%
RomaniaBucharest
63%
SyriaDamascus
63%
VietnamHanoi
63%
ZimbabweHarare
63%
PakistanIslamabad
63%
IndonesiaJakarta
63%
South SudanJuba
63%
SudanKhartoum
63%
Democratic Republic Of The CongoKinshasa
63%
PeruLima
63%
SloveniaLjubljana
63%
England (UK)London
63%
AngolaLuanda
63%
LuxembourgLuxembourg
63%
SomaliaMogadishu
63%
KenyaNairobi
63%
The BahamasNassau
63%
CyprusNicosia
63%
CanadaOttawa
63%
SurinameParamaribo
63%
EcuadorQuito
63%
Saudi ArabiaRiyadh
63%
ChileSantiago
63%
Bosnia And HerzegovinaSarajevo
63%
BoliviaSucre
63%
EstoniaTallinn
63%
IranTehran
63%
LibyaTripoli
63%
LithuaniaVilnius
63%
NamibiaWindhoek
63%
United Arab EmiratesAbu Dhabi
50%
NigeriaAbuja
50%
Central African RepublicBangui
50%
SlovakiaBratislava
50%
GuyanaGeorgetown
50%
Cayman IslandsGeorge Town
50%
AfghanistanKabul
50%
NepalKathmandu
50%
BahrainManama
50%
OmanMuscat
50%
MauritaniaNouakchott
50%
KazakhstanNur Sultan
50%
CambodiaPhnom Penh
50%
Papua New GuineaPort Moresby
50%
Trinidad And TobagoPort Of Spain
50%
YemenSanaa
50%
North MacedoniaSkopje
50%
Antigua And BarbudaSt Johns
50%
AlbaniaTirana
50%
SeychellesVictoria
50%
LaosVientiane
50%
New ZealandWellington
50%
TurkmenistanAshgabat
38%
MaliBamako
38%
KyrgyzstanBishkek
38%
BarbadosBridgetown
38%
BurundiBujumbura
38%
GuineaConakry
38%
Timor LesteDili
38%
GibraltarGibraltar
38%
TogoLome
38%
MaldivesMale
38%
MyanmarNaypyidaw
38%
MontenegroPodgorica
38%
KiribatiSouth Tarawa
38%
FijiSuva
38%
SamoaApia
25%
BruneiBandar Seri Begawan
25%
ZambiaLusaka
25%
New CaledoniaNoumea
25%
TongaNukualofa
25%
MauritiusPort Louis
25%
BeninPorto Novo
25%
GuadeloupeBasse Terre
13%
Isle Of Man (UK)Douglas
13%
MartiniqueFort De France
13%
Solomon IslandsHoniara
13%
Marshall IslandsMajuro
13%
ComorosMoroni
13%
ArubaOranjestad
13%
MicronesiaPalikir
13%
French PolynesiaPapeete
13%
VanuatuPort Vila
13%
Cape VerdePraia
13%
ReunionSaint Denis
13%
Faroe IslandsTorshavn
13%
CuracaoWillemstad
13%
MadagascarAntananarvio
0%
Cook IslandsAvarua
0%
VenezuelaCarcas
0%
TuvaluFongafale
0%
PalauKoror
0%
BonaireKralendijk
0%
MayotteMamoudzou
0%
Saint MartinMarigot
0%
ChadNDjameda
0%
MalaysiaPutrajaya
0%
JerseySaint Helier
0%
CanadaSt Pierre
0%

Score Distribution

Percentile by Number Answered

Percent of People with Each Score

Your Score History

You have not taken this quiz